000
00275nam a2200121Ia 4500
008
190216s9999||||xx |||||||||||||| ||und||
100
_a
Arora C L
245
0
_a
Electricity And Mechanism
260
_b
S Chand & Co
_c
2001
300
_a
416p
650
_a
Physics
942
_c
BK
999
_c
33678
_d
33678